Vista normal
Vista MARC
Entrada Materia (personas)
Número de registros utilizados en: 1
001 - CONTROL NUMBER
- control field: 101776
003 - CONTROL NUMBER IDENTIFIER
- control field: Co-BoUCM
005 - DATE AND TIME OF LATEST TRANSACTION
- control field: 20210129111417.0
008 - FIXED-LENGTH DATA ELEMENTS
- fixed length control field: 201126|| aca||aabn | a|a d
040 ## - CATALOGING SOURCE
- Original cataloging agency: Co-BoUCM
- Transcribing agency: Co-BoUCM
100 1# - HEADING--PERSONAL NAME
- Personal name: Farber, Daniel A
670 ## - SOURCE DATA FOUND
- Source citation: Work cat.: (Co-BoUCM): Edited by Daniel A. Farber, Sho Sato Professor of Law, University of California,, Climate Change Law , 2016